000 00325nab a22001097u 4500
008 130520b1990 xxu||||| |||| 00| 0 spa d
041 _aspa
100 1 _aEbach, J.
_967491
245 0 0 _aSeñor, ¿por qué maltratas tú a este pueblo?
_cJ. Ebach
773 0 _tConcilium
_gV.2,1990,págs.331-344
_x0210-1041
_wRev134
942 _cAR
999 _c355558
_d355558